Field Ecology (Record no. 4296)

MARC details
000 -LEADER
fixed length control field 00386nam a22001577a 4500
008 - FIXED-LENGTH DATA ELEMENTS--GENERAL INFORMATION
fixed length control field 250714b |||||||| |||| 00| 0 eng d
020 ## - INTERNATIONAL STANDARD BOOK NUMBER
ISBN 8123908873
100 ## - MAIN ENTRY--AUTHOR
Author Lathee F.H
245 ## - TITLE STATEMENT
Title Field Ecology
250 ## - EDITION STATEMENT
Edition statement 6th
260 ## - PUBLICATION, DISTRIBUTION, ETC. (IMPRINT)
Place of publication New York
Name of publisher McGraw-Hill Book company Inc.
Date of publication 2002
300 ## - COLLATION
Pagination xxxi, 926p.
Other physical details ill.
650 ## - TRACINGS
Main Subject Geology-Fieldwork
942 ## - ADDED ENTRY ELEMENTS (KOHA)
Item type Books
050 ## - LIBRARY OF CONGRESS CALL NUMBER
Classification number QE28
Item number .L38
Holdings
Source of classification or shelving scheme Not for loan Permanent location Current location Date acquired Accession No. Full call number Barcode. Koha item type
Library of Congress Classification   Samuel Ogbemudia Main Library, University of Abuja Samuel Ogbemudia Main Library, University of Abuja 07/14/2025 2024/62196 QE28.L38 2025-3053 Books